Music Quiz

Random Music Quiz

Maroon 5 Songs Quiz Stats

 Plays Quiz not verified by Sporcle

Also try: Do-Re-Mi
Challenge
Share
Tweet
Embed
Score 0/59 Timer 07:00
0 Plays Today
% Correct
Animals
94.7%
Maps
91.4%
Sugar
90.9%
She Will Be Loved
90.3%
This Love
87.9%
Payphone
87.2%
One More Night
82.9%
Daylight
82.9%
The Sun
82.7%
Sunday Morning
82.2%
Harder To Breathe
79.4%
Love Somebody
74.3%
Lucky Strike
73.3%
Unkiss Me
73.3%
Leaving California
71.7%
It Was Always You
70.1%
Wake Up Call
69.5%
Kiwi
69.3%
Tickets
69%
Beautiful Goodbye
67.9%
In Your Pocket
66.8%
Sad
65.2%
Doin' Dirt
65.2%
Feelings
65.2%
Goodnight Goodnight
65%
Nothing Lasts Forever
63.8%
Shiver
63.5%
The Man Who Never Lied
63.1%
If I Never See Your Face Again
62%
Back At Your Door
61.8%
% Correct
My Heart is Open
61.5%
Won't Go Home Without You
61.5%
Tangled
61%
Ladykiller
61%
Fortune Teller
61%
Sweetest Goodbye
58.6%
Secret
58.5%
New Love
58.3%
Can't Stop
58.1%
Must Get Out
57.3%
Makes Me Wonder
53.6%
Little of Your Time
53.1%
Not Coming Home
49.4%
Coming Back for You
48.7%
Through With You
48.2%
Misery
47.4%
Better That We Break
47.2%
Never Gonna Leave This Bed
43.2%
Hands All Over
42.9%
Not Falling Apart
40.5%
Stutter
37.5%
Give a Little More
30.7%
How
29%
I Can't Lie
27.8%
Just a Feeling
27.1%
Out of Goodbyes
26.6%
Runaway
25.6%
Don't Know Nothing
22.9%
Get Back in My Life
22.1%

You're not logged in!

Compare scores with friends on all Sporcle quizzes.
Join for Free
OR
Log In

You Might Also Like...

Show Comments

Extras

Created Feb 12, 2011ReportNominate
Tags:maroon, Maroon 5

Top Quizzes Today


Score Distribution

Your Account Isn't Verified!

In order to create a playlist on Sporcle, you need to verify the email address you used during registration. Go to your Sporcle Settings to finish the process.

Report this User

Report this user for behavior that violates our Community Guidelines.

Details: